Formula One Lewis Hamilton Wins - Statistics

General Stats
  • This quiz has been taken 253 times
  • The average score is 91 of 105
Answer Stats
Hint Answer % Correct
2008 | 2014 | 2015 | +6 others United Kingdom
96%
2007 | 2012 | 2014 | +3 others United States
94%
2016 | 2018 | 2021 Brazil
92%
2014 | 2017 | 2018 | +3 others Spain
92%
2020 Imola
91%
2008 | 2015 Australia
90%
2007 | 2010 | 2012 | +4 others Canada
90%
2012 | 2014 | 2015 | +2 others Italy
89%
2007 | 2014 | 2015 | +2 others Japan
89%
2020 Tuscany
89%
2008 | 2011 | 2014 | +3 others China
87%
2020 Eifel
87%
2008 | 2011 | 2016 | 2018 Germany
87%
2016 | 2019 Mexico
87%
2008 | 2016 | 2019 Monaco
87%
2010 | 2015 | 2017 | +2 others Belgium
86%
2011 | 2014 | 2016 | +2 others United Arabic Emirates
86%
2018 | 2019 France
84%
2020 Styria
84%
2016 Austria
83%
2014 | 2015 | 2019 | +2 others Bahrain
81%
2007 | 2009 | 2012 | +5 others Hungary
81%
2014 | 2015 | 2018 | +2 others Russia
80%
2009 | 2014 | 2017 | 2018 Singapore
80%
2020 | 2021 Portugal
79%
2021 Saudi Arabia
79%
2021 Qatar
78%
2010 | 2020 Turkey
75%
2014 Malaysia
71%
2018 Azerbaijan
67%
No matching quizzes found
Score Distribution
Percent of People with Each Score
Percentile by Number Answered
Your Score History
You have not taken this quiz